000 00784nam a2200253Ia 4500
003 OSt
005 20220923213400.0
006 a|||||r|||| 00| 0
007 ta
008 220922b |||||||| |||| 00| 0 hin d
024 _a161,308
037 _cTextual
040 _aARTS
_cARTS
_bhin
041 _2hin
_ahin
082 _aO152:2M89:15, K8(WPH)
100 _aजयशंकर प्रसाद
245 0 _aअजातशत्रु
246 _aAjātashatru
250 _aसंस्क0 22
260 _aइलाहाबाद
_b भारती भंडार प्रकाशन
_c1968
300 _a138 पृ.
_ccm.
942 _hO152:2M89:15, K8(WPH)
_cTEXL
_2CC
999 _c315979
_d315979